000 00392 a2200109 4500
999 _c13480
_d13480
008 250814b ||||| |||| 00| 0 eng d
020 _a9780727720283
100 _a Brian Pritchard
245 _aBridge Modification: Proceedings of the Conference Bridge Modification Organized by the Institution of Civil Engineers, London
260 _b‎ Institution of Civil Engineers
_c1995
942 _2ddc